[Event "FIDE World Rapid 2013"]
[Site "Khanty-Mansiysk RUS"]
[Date "2013.06.07"]
[Round "6.21"]
[White "Guseinov, Gadir"]
[Black "Rakhmanov, Aleksandr"]
[Result "1/2-1/2"]
[WhiteTitle "GM"]
[BlackTitle "GM"]
[WhiteElo "2631"]
[BlackElo "2602"]
[WhiteFideId "13401378"]
[BlackFideId "4173708"]
[EventDate "2013.06.06"]

1. e4 d6 2. d4 Nf6 3. Nc3 g6 4. Nf3 Bg7 5. Be2 O-O 6. O-O Nc6 7. Be3 Bg4 8. Qd2
d5 9. exd5 Nb4 10. Bh6 Nbxd5 11. Bxg7 Kxg7 12. Rfe1 c6 13. h3 Bxf3 14. Bxf3 e6
15. Nxd5 Nxd5 16. Re4 Ne7 17. c3 Nf5 18. Re5 Qf6 19. Rae1 Rad8 20. Qe2 Rd6 21.
Be4 Ne7 22. g3 Rfd8 23. Qg4 Nd5 24. Bg2 Qe7 25. h4 Nf6 26. Qe2 h5 27. Bf3 R6d7
28. Kg2 Rc7 29. Qe3 Nd5 30. Qe2 Nf6 31. a3 Rcd7 32. Rg5 Nh7 33. Ra5 a6 34. Re5
Nf6 35. a4 Rc7 36. a5 Rcd7 37. b4 Rh8 38. Qc4 Qd6 39. Qe2 Nd5 40. Qb2 Nf6 41.
Rd1 Rhd8 42. c4 Kg8 43. Re2 Qe7 44. Re3 Rd6 45. Ree1 Qd7 46. Qc1 Qe7 47. Qb2 Qd7
48. Qc1 Qe7 49. Qb2 1/2-1/2

[Event "FIDE World Rapid 2013"]
[Site "Khanty-Mansiysk RUS"]
[Date "2013.06.07"]
[Round "6.22"]
[White "Bezgodov, Alexei"]
[Black "Popov, Ivan RUS"]
[Result "1-0"]
[WhiteTitle "GM"]
[BlackTitle "GM"]
[WhiteElo "2482"]
[BlackElo "2632"]
[WhiteFideId "4105257"]
[BlackFideId "4170350"]
[EventDate "2013.06.06"]

1. e4 c5 2. g3 g6 3. Bg2 Bg7 4. Ne2 Nc6 5. c3 e5 6. b4 cxb4 7. cxb4 Nxb4 8. O-O
Ne7 9. Qb3 Nec6 10. Nbc3 d6 11. Ba3 a5 12. Nd5 Be6 13. Bxb4 Nxb4 14. a3 Nxd5 15.
exd5 Bc8 16. Qb5+ Qd7 17. Nc3 Qxb5 18. Nxb5 Ke7 19. Rfc1 Bd7 20. Rc7 Rhc8 21.
Rxb7 Rab8 22. Rxb8 Rxb8 23. Na7 f5 24. Rc1 e4 25. Nc6+ Bxc6 26. dxc6 Bh6 27. c7
Rc8 28. Bf1 Bxd2 29. Ba6 Kd7 30. Bxc8+ Kxc8 31. Rc6 d5 32. Rd6 a4 33. Rxd5 Bc1
34. Ra5 Bxa3 35. Rxa4 Bc5 36. Ra8+ Kxc7 37. Rh8 Kd6 38. Rxh7 e3 39. Kf1 exf2 40.
Rg7 Ke6 41. Rxg6+ Kf7 42. Rc6 Bd4 43. Rc2 Kf6 44. Rxf2 1-0

[Event "FIDE World Rapid 2013"]
[Site "Khanty-Mansiysk RUS"]
[Date "2013.06.07"]
[Round "6.24"]
[White "Lagno, Kateryna"]
[Black "Cherniaev, Alexander"]
[Result "1-0"]
[WhiteTitle "GM"]
[BlackTitle "GM"]
[WhiteElo "2542"]
[BlackElo "2447"]
[WhiteFideId "14109336"]
[BlackFideId "4117301"]
[EventDate "2013.06.06"]

1. e4 c5 2. Nf3 a6 3. c3 e6 4. d4 d5 5. e5 Bd7 6. Bd3 Nc6 7. O-O Qc7 8. Na3 Nge7
9. Nc2 c4 10. Be2 f6 11. exf6 gxf6 12. b3 b5 13. bxc4 bxc4 14. Nh4 Rg8 15. Bg4
Ng6 16. Nxg6 hxg6 17. g3 Bd6 18. Rb1 Kf7 19. Qf3 Ne7 20. h4 Nf5 21. h5 Kg7 22.
hxg6 Ne7 23. Kg2 Rh8 24. Re1 f5 25. Bh5 Nxg6 26. Bg5 Rh7 27. Rh1 Rah8 28. Rh2
Be8 29. Rbh1 Bf7 30. Ne3 Qd7 31. Ng4 Rxh5 32. Rxh5 Rxh5 33. Nf6 Rxg5 34. Nxd7 f4
35. g4 e5 36. Qh3 1-0

[Event "FIDE World Rapid 2013"]
[Site "Khanty-Mansiysk RUS"]
[Date "2013.06.07"]
[Round "6.25"]
[White "Gundavaa, Bayarsaikhan"]
[Black "Vasquez Schroeder, Rodrigo"]
[Result "1-0"]
[WhiteTitle "GM"]
[BlackTitle "GM"]
[WhiteElo "2516"]
[BlackElo "2542"]
[WhiteFideId "4901045"]
[BlackFideId "3400042"]
[EventDate "2013.06.06"]

1. e4 c5 2. Nf3 d6 3. d4 cxd4 4. Nxd4 Nf6 5. Nc3 a6 6. Be3 e6 7. Be2 Qc7 8. g4
h6 9. f4 b5 10. Bf3 Bb7 11. a3 Nc6 12. Nxc6 Bxc6 13. Qd4 Rb8 14. O-O-O a5 15.
Rhe1 b4 16. axb4 axb4 17. Nb1 e5 18. Qc4 Nd7 19. h4 Qb7 20. g5 Rc8 21. g6 Nf6
22. gxf7+ Qxf7 23. Qxb4 d5 24. Bc5 dxe4 25. Bxf8 Qxf8 26. Rd6 Nd5 27. Bh5+ Ke7
28. Rxd5+ Ke6 29. Rxe5+ Kf6 30. Qd4 e3 1-0

[Event "FIDE World Rapid 2013"]
[Site "Khanty-Mansiysk RUS"]
[Date "2013.06.07"]
[Round "6.26"]
[White "Gordievsky, Dmitry"]
[Black "Pasiev, Rakhim"]
[Result "1-0"]
[WhiteTitle "FM"]
[BlackTitle "IM"]
[WhiteElo "2474"]
[BlackElo "2384"]
[WhiteFideId "24112798"]
[BlackFideId "24122475"]
[EventDate "2013.06.06"]

1. d4 d6 2. Nf3 Nf6 3. c4 Nbd7 4. Nc3 e5 5. e4 Be7 6. Be2 O-O 7. O-O c6 8. Re1
Re8 9. Qc2 a6 10. a4 a5 11. d5 Qc7 12. Bg5 h6 13. Be3 Ng4 14. Bd2 Nf8 15. h3 Nf6
16. Be3 Ng6 17. Rac1 Bd7 18. Red1 Rf8 19. Qb3 c5 20. Qc2 Nh7 21. Qd2 Qc8 22. Kh2
Qd8 23. g3 Ng5 24. Nxg5 Bxg5 25. f4 exf4 26. gxf4 Bf6 27. Rg1 Kh7 28. Bd3 Bxc3
29. Qxc3 Qh4 30. Rg3 Rg8 31. Rcg1 Rae8 32. e5 Re7 33. e6 fxe6 34. Bxg6+ Kh8 35.
Rg4 Qf6 36. Qxf6 gxf6 37. Rh4 Rgg7 38. dxe6 Rxe6 39. Rg3 f5 40. Bxf5 1-0

[Event "FIDE World Rapid 2013"]
[Site "Khanty-Mansiysk RUS"]
[Date "2013.06.07"]
[Round "6.27"]
[White "Skatchkov, Pavel"]
[Black "Nguyen, Ngoc Truong Son"]
[Result "1/2-1/2"]
[WhiteTitle "GM"]
[BlackTitle "GM"]
[WhiteElo "2486"]
[BlackElo "2625"]
[WhiteFideId "4121848"]
[BlackFideId "12401110"]
[EventDate "2013.06.06"]

1. d4 d5 2. c4 c6 3. Nf3 Nf6 4. Qc2 dxc4 5. Qxc4 Bf5 6. g3 e6 7. Bg2 Nbd7 8. O-O
Be7 9. Nc3 O-O 10. Re1 Ne4 11. Qb3 Qb6 12. Nh4 Qxb3 13. axb3 Bb4 14. Nxf5 exf5
15. Bxe4 fxe4 16. Bd2 Rfe8 17. Nxe4 Rxe4 18. Bxb4 Rxd4 19. Bc3 Rd6 20. Red1
Rxd1+ 21. Rxd1 Nf8 22. Bb4 Ne6 23. Rd7 a5 24. Bd2 b5 25. Be3 Kf8 26. f4 Ke8 27.
Rd6 Ra6 28. f5 Nd8 29. Rd3 Nb7 30. Bd4 f6 31. e4 c5 32. Bf2 Rd6 33. Rxd6 Nxd6
34. Bxc5 Nxe4 35. Bb6 h5 36. Bxa5 Nd6 37. Kf2 Nxf5 38. Bc3 Kd7 39. Kf3 Ke6 40.
Ke4 g5 41. Bb4 h4 42. g4 Nh6 43. h3 f5+ 44. gxf5+ Nxf5 45. Be1 Ng7 46. Bd2 Kf6
47. Bc3+ Kg6 48. Bxg7 Kxg7 49. Kf5 Kh6 50. b4 Kh5 51. b3 Kh6 52. Kf6 Kh5 53. Kf5
Kh6 54. Kf6 g4 55. hxg4 Kh7 56. Kf7 h3 57. g5 h2 58. g6+ Kh6 59. g7 h1=Q 60.
g8=Q Qd5+ 61. Kf8 Qd8+ 62. Kf7 Qd5+ 63. Kf8 Qd8+ 1/2-1/2

[Event "FIDE World Rapid 2013"]
[Site "Khanty-Mansiysk RUS"]
[Date "2013.06.07"]
[Round "6.28"]
[White "Ram, S. Krishnan"]
[Black "Byambaa, Zulzaga"]
[Result "1-0"]
[BlackTitle "FM"]
[WhiteElo "2248"]
[BlackElo "2285"]
[WhiteFideId "5010519"]
[BlackFideId "4900642"]
[EventDate "2013.06.06"]

1. d4 g6 2. e4 Bg7 3. Nf3 d6 4. h3 Nf6 5. Nc3 O-O 6. Be2 a6 7. a4 b6 8. O-O Bb7
9. e5 Ne4 10. Nxe4 Bxe4 11. Ng5 Bb7 12. e6 f6 13. Nf7 Qe8 14. d5 Rxf7 15. exf7+
Qxf7 16. c4 a5 17. Be3 Na6 18. Re1 f5 19. Bd4 Bxd4 20. Qxd4 Nc5 21. Ra3 e5 22.
dxe6 Nxe6 23. Qh4 Kg7 24. c5 bxc5 25. Bc4 Re8 26. Rxe6 Rxe6 27. Bxe6 Qxe6 28.
Re3 Be4 29. f3 d5 30. fxe4 fxe4 31. Qf4 Qd6 32. Qxd6 cxd6 33. Rb3 Kf6 34. Rb5 d4
35. Kf2 Ke5 36. Rxa5 h5 37. Ra8 c4 38. Rc8 d5 39. a5 d3 40. a6 d4 41. Rxc4 e3+
42. Ke1 Kd5 43. Rxd4+ Kxd4 44. a7 d2+ 45. Ke2 1-0

[Event "FIDE World Rapid 2013"]
[Site "Khanty-Mansiysk RUS"]
[Date "2013.06.07"]
[Round "6.29"]
[White "Nadanian, Ashot"]
[Black "Akbaev, Kazbek"]
[Result "1-0"]
[WhiteTitle "IM"]
[BlackTitle "IM"]
[WhiteElo "2428"]
[BlackElo "2475"]
[WhiteFideId "13300393"]
[BlackFideId "4131045"]
[EventDate "2013.06.06"]

1. b4 e6 2. Bb2 d5 3. Nf3 f5 4. e3 Nf6 5. b5 c5 6. c4 Be7 7. a4 a5 8. Be2 O-O 9.
O-O b6 10. d4 Bb7 11. Nbd2 Nbd7 12. Ng5 Qb8 13. Nxe6 Re8 14. cxd5 Bxd5 15. Nf4
Bb7 16. Nf3 Bd6 17. Qb3+ Kh8 18. Ng5 Re7 19. Nf7+ Rxf7 20. Qxf7 Bxf4 21. exf4
Bd5 22. Qe7 Qxf4 23. dxc5 Re8 24. Bxf6 Rxe7 25. Bxe7 Qe5 26. Rad1 Qxe7 27. Rxd5
Nxc5 28. Rfd1 h6 29. Bh5 Kh7 30. Rd6 Ne6 31. Rxb6 Nf4 32. Bf3 h5 33. Rbd6 h4 34.
h3 Ng6 35. b6 Ne5 36. Ba8 f4 37. Be4+ g6 38. b7 Qc7 39. Rd8 1-0

[Event "FIDE World Rapid 2013"]
[Site "Khanty-Mansiysk RUS"]
[Date "2013.06.07"]
[Round "7.3"]
[White "Movsesian, Sergei"]
[Black "Andreikin, Dmitry"]
[Result "1/2-1/2"]
[WhiteTitle "GM"]
[BlackTitle "GM"]
[WhiteElo "2699"]
[BlackElo "2713"]
[WhiteFideId "310204"]
[BlackFideId "4158814"]
[EventDate "2013.06.06"]

1. c4 c5 2. Nc3 g6 3. Nf3 Bg7 4. e3 Nf6 5. d4 cxd4 6. exd4 O-O 7. Bg5 h6 8. Bh4
d6 9. Be2 Nbd7 10. O-O Nh5 11. Qd2 g5 12. Ne1 Nf4 13. Bg3 e5 14. Rd1 exd4 15.
Nb5 Nxe2+ 16. Qxe2 Re8 17. Qc2 Nc5 18. Nxd6 Bg4 19. f3 Bh5 20. Nxe8 Qxe8 21. b4
Bg6 22. Qd2 Na4 23. Nd3 Qe3+ 24. Bf2 Qxd2 25. Rxd2 Bxd3 26. Rxd3 Nb2 27. Rxd4
Bxd4 28. Bxd4 Nxc4 29. Re1 a5 30. bxa5 Nxa5 1/2-1/2

[Event "FIDE World Rapid 2013"]
[Site "Khanty-Mansiysk RUS"]
[Date "2013.06.07"]
[Round "7.5"]
[White "Khairullin, Ildar"]
[Black "Vallejo Pons, Francisco"]
[Result "1-0"]
[WhiteTitle "GM"]
[BlackTitle "GM"]
[WhiteElo "2658"]
[BlackElo "2706"]
[WhiteFideId "4151348"]
[BlackFideId "2205530"]
[EventDate "2013.06.06"]

1. d4 Nf6 2. c4 b6 3. Nc3 Bb7 4. f3 d5 5. cxd5 Nxd5 6. e4 Nxc3 7. bxc3 e6 8. Be3
Be7 9. Bb5+ c6 10. Bd3 O-O 11. Ne2 c5 12. O-O Nc6 13. Rb1 cxd4 14. cxd4 Nb4 15.
Bc4 Rc8 16. Bb3 Ba6 17. Rb2 Nc6 18. d5 exd5 19. Bxd5 Nb4 20. Rd2 Nxd5 21. Rxd5
Qe8 22. Rf2 Bc4 23. Rd7 Rd8 24. Rxd8 Qxd8 25. Nd4 b5 26. Rd2 Bb4 27. Nc6 Bxd2
28. Nxd8 Bxe3+ 29. Kh1 Bxa2 30. Nc6 Bc4 31. Qd6 g6 32. Qf6 Re8 33. Ne7+ Kf8 34.
Nc8 Rxc8 35. Qh8+ Ke7 36. Qxc8 Bb6 37. Qc6 Be3 38. e5 Kf8 39. Qc7 h5 40. Qb8+
Ke7 41. Qd6+ Ke8 42. g3 a5 43. Qb8+ Kd7 44. Qb7+ Ke6 45. Qc6+ Ke7 46. Qc7+ Kf8
47. Qxa5 Kg7 48. e6 Bg5 49. exf7 Kxf7 50. Kg2 Be7 51. Qa6 Bd3 52. Qc6 Bc4 53.
Kf2 Bf6 54. Ke3 Ke7 55. h3 Bf1 56. g4 Bxh3 57. gxh5 gxh5 58. Qc5+ Ke6 59. Qxh5
Bf1 60. Qe8+ Be7 61. f4 b4 62. f5+ Kd6 63. Qf7 Bg5+ 64. Kd4 Bd2 65. Qe6+ Kc7 66.
f6 Bc3+ 67. Ke3 b3 68. Qxb3 Bxf6 69. Ke4 1-0

[Event "FIDE World Rapid 2013"]
[Site "Khanty-Mansiysk RUS"]
[Date "2013.06.07"]
[Round "7.6"]
[White "Cheparinov, Ivan"]
[Black "Akopian, Vladimir"]
[Result "1-0"]
[WhiteTitle "GM"]
[BlackTitle "GM"]
[WhiteElo "2678"]
[BlackElo "2691"]
[WhiteFideId "2905540"]
[BlackFideId "13300032"]
[EventDate "2013.06.06"]

1. d4 Nf6 2. c4 e6 3. Nf3 Bb4+ 4. Nbd2 b6 5. a3 Bxd2+ 6. Qxd2 Bb7 7. e3 d6 8. b4
Nbd7 9. Bb2 O-O 10. Be2 a5 11. O-O Qe7 12. Qc2 Be4 13. Qc3 Bb7 14. Nd2 axb4 15.
axb4 c5 16. Rxa8 Rxa8 17. Ra1 Qd8 18. f3 h6 19. e4 Rxa1+ 20. Bxa1 Qa8 21. Bb2
Qa4 22. dxc5 dxc5 23. b5 Qa8 24. e5 Nh7 25. Bd3 f5 26. exf6 Nhxf6 27. Bb1 Qb8
28. Qe3 Qd6 29. Bc2 Kf7 30. Nf1 Nh5 31. Kf2 Nf4 32. Ng3 e5 33. Nf5 Qg6 34. g3
Nh3+ 35. Kf1 Qe6 36. Qd3 Kf8 37. Nd6 Ba8 38. Qf5+ Qf6 39. f4 Ke7 40. fxe5 Qf8
41. Qxf8+ Nxf8 42. Nc8+ Ke6 43. Nxb6 Bf3 44. Ba3 1-0

[Event "FIDE World Rapid 2013"]
[Site "Khanty-Mansiysk RUS"]
[Date "2013.06.07"]
[Round "7.7"]
[White "Potkin, Vladimir"]
[Black "Moiseenko, Alexander"]
[Result "1-0"]
[WhiteTitle "GM"]
[BlackTitle "GM"]
[WhiteElo "2647"]
[BlackElo "2711"]
[WhiteFideId "4131061"]
[BlackFideId "14102560"]
[EventDate "2013.06.06"]

1. d4 Nf6 2. c4 e6 3. Nc3 Bb4 4. e3 b6 5. Ne2 Ne4 6. f3 Nxc3 7. bxc3 Bd6 8. e4
O-O 9. e5 Be7 10. Ng3 d6 11. f4 Bb7 12. Bd3 c5 13. Be3 cxd4 14. cxd4 dxe5 15.
fxe5 Bb4+ 16. Kf2 f5 17. exf6 Qxf6+ 18. Kg1 Nc6 19. Ne4 Qe7 20. Ng5 h6 21. Qh5
Qe8 22. Bg6 Qd7 23. Rd1 Ne7 24. Bf7+ Kh8 25. Bxe6 Qc6 26. d5 Bc5 27. Qe2 Bxe3+
28. Qxe3 Qa4 29. Qd3 Ng6 30. h4 Rf6 31. h5 Qxa2 32. hxg6 Qf2+ 33. Kh2 hxg5 34.
Qg3 1-0

[Event "FIDE World Rapid 2013"]
[Site "Khanty-Mansiysk RUS"]
[Date "2013.06.07"]
[Round "7.9"]
[White "Frolyanov, Dmitry"]
[Black "Jakovenko, Dmitry"]
[Result "1/2-1/2"]
[WhiteTitle "GM"]
[BlackTitle "GM"]
[WhiteElo "2570"]
[BlackElo "2713"]
[WhiteFideId "4151976"]
[BlackFideId "4122356"]
[EventDate "2013.06.06"]

1. e4 e5 2. Nf3 Nc6 3. Bb5 a6 4. Ba4 Nf6 5. O-O Be7 6. Re1 b5 7. Bb3 O-O 8. c3
d6 9. h3 Nb8 10. d4 Nbd7 11. c4 c6 12. Qc2 Bb7 13. Nc3 Rc8 14. a3 h6 15. Be3 Qc7
16. Rad1 Rfe8 17. cxb5 cxb5 18. Qb1 exd4 19. Nxd4 Bf8 20. Bf4 Nc5 21. Bc2 Ne6
22. Nxe6 Rxe6 23. Bb3 Ree8 24. Qd3 Rcd8 25. Re3 Qc5 26. Rde1 b4 27. axb4 Qxb4
28. Ba2 d5 29. Bc7 dxe4 30. Qxd8 Rxd8 31. Bxd8 Bc5 32. R3e2 Nh5 33. Bc7 e3 34.
fxe3 Nf4 35. Rd2 Ne6 36. Bg3 Qb6 37. Bf2 Qc7 38. Red1 Qe5 39. Bd5 Bxd5 40. Rxd5
Qc7 41. Kh1 Qb6 42. Na4 Qb3 43. Nxc5 Nxc5 44. R1d4 Qc2 45. Rd2 Qc1+ 46. Rd1 Qc2
47. R1d2 Qc4 48. R2d4 Qc1+ 49. Rd1 1/2-1/2

[Event "FIDE World Rapid 2013"]
[Site "Khanty-Mansiysk RUS"]
[Date "2013.06.07"]
[Round "7.10"]
[White "Grachev, Boris"]
[Black "Riazantsev, Alexander"]
[Result "1-0"]
[WhiteTitle "GM"]
[BlackTitle "GM"]
[WhiteElo "2683"]
[BlackElo "2708"]
[WhiteFideId "4129199"]
[BlackFideId "4125029"]
[EventDate "2013.06.06"]

1. Nf3 Nf6 2. c4 e6 3. g3 d5 4. Bg2 Be7 5. O-O O-O 6. d4 dxc4 7. Qc2 a6 8. a4
Bd7 9. Qxc4 Bc6 10. Bg5 Bd5 11. Qd3 Be4 12. Qd1 h6 13. Bxf6 Bxf6 14. Nc3 Bh7 15.
e3 Nd7 16. Nd2 c5 17. Nde4 cxd4 18. exd4 Bxe4 19. Nxe4 Rb8 20. d5 Bxb2 21. Ra2
exd5 22. Rxb2 dxe4 23. Rd2 e3 24. fxe3 Qb6 25. Rxd7 Qxe3+ 26. Kh1 b5 27. a5 b4
28. Qd6 Qe6 29. Bd5 Qxd6 30. Rxd6 Rb5 31. Bxf7+ Kh8 32. Rxa6 b3 33. Rb6 Rxa5 34.
Rxb3 Raa8 35. Rbf3 Ra6 36. h4 g6 37. Bc4 Rxf3 38. Rxf3 Rc6 39. Rf4 h5 40. Kg2
Kg7 41. Kh3 Rc7 42. Rd4 Rc6 43. Bd3 Rb6 44. Rd5 Rc6 45. Kg2 Rf6 46. Be4 Rb6 47.
Kf3 Rf6+ 48. Ke3 Kh6 49. Rg5 Ra6 50. Kf4 Re6 51. Rxg6+ 1-0

[Event "FIDE World Rapid 2013"]
[Site "Khanty-Mansiysk RUS"]
[Date "2013.06.07"]
[Round "7.11"]
[White "Le, Quang Liem"]
[Black "Smirin, Ilia"]
[Result "1-0"]
[WhiteTitle "GM"]
[BlackTitle "GM"]
[WhiteElo "2712"]
[BlackElo "2663"]
[WhiteFideId "12401137"]
[BlackFideId "2801990"]
[EventDate "2013.06.06"]

1. Nf3 Nf6 2. c4 g6 3. Nc3 Bg7 4. e4 d6 5. d4 O-O 6. Be2 e5 7. O-O c6 8. d5 Na6
9. Nd2 Bh6 10. Rb1 Nc5 11. Qc2 a5 12. Nb3 Bxc1 13. Rbxc1 cxd5 14. Nxc5 d4 15.
N5a4 dxc3 16. Nxc3 Nd7 17. Rfd1 Nc5 18. Rd2 f5 19. Bf3 Ra6 20. Rcd1 fxe4 21.
Bxe4 Kg7 22. b3 Qe7 23. Re1 Be6 24. Bd5 Bf5 25. Qd1 Qg5 26. Bf3 Qf6 27. Qe2 h5
28. Qe3 h4 29. Nd5 Qd8 30. h3 Ne6 31. Be4 Bxe4 32. Qxe4 Qg5 33. Red1 Rf7 34. Nc3
Nd4 35. Rd3 Rc6 36. Qe3 Qf5 37. R3d2 Rc8 38. Ne4 Rc6 39. Ng5 Rf6 40. Ne4 Rf7 41.
Nc3 Rf6 42. Nd5 Rf7 43. Ne7 Rxe7 44. Rxd4 Qf6 45. Rg4 a4 46. f3 axb3 47. axb3
Ra6 48. Qf2 Ra3 49. Qb2 Ra6 50. Kh2 Rb6 51. Rd3 Re8 52. Qf2 e4 53. Re3 Qd4 54.
Qe1 d5 55. cxd5 Qxd5 56. Rxh4 Rxb3 57. Qa1+ 1-0

[Event "FIDE World Rapid 2013"]
[Site "Khanty-Mansiysk RUS"]
[Date "2013.06.07"]
[Round "7.12"]
[White "Khismatullin, Denis"]
[Black "Kurnosov, Igor"]
[Result "1/2-1/2"]
[WhiteTitle "GM"]
[BlackTitle "GM"]
[WhiteElo "2658"]
[BlackElo "2657"]
[WhiteFideId "4142578"]
[BlackFideId "4142527"]
[EventDate "2013.06.06"]

1. Nf3 Nf6 2. c4 g6 3. b3 Bg7 4. Bb2 O-O 5. g3 d6 6. Bg2 e5 7. Nc3 Nc6 8. O-O
Bf5 9. h3 Nd4 10. Nh4 Be6 11. e3 Nc6 12. Nf3 h6 13. d4 exd4 14. Nxd4 Nxd4 15.
Qxd4 d5 16. cxd5 Nxd5 17. Qxg7+ Kxg7 18. Nxd5+ f6 19. Nf4 Bf7 20. Bxb7 Rb8 21.
Bf3 g5 22. Nh5+ Bxh5 23. Bxh5 Qd7 24. Rac1 Rb6 25. Bg4 Qf7 26. Bd4 Rd6 27. Rc4
h5 28. Bf3 Rfd8 29. Rfc1 Rxd4 30. exd4 Rd7 31. Ra4 f5 32. d5 g4 33. Bg2 Qe7 34.
hxg4 hxg4 35. Rxa7 f4 36. Ra4 fxg3 37. Rxg4+ Kf8 38. Rxg3 Qe5 39. a4 Rf7 40. Rf1
Qd4 41. Bf3 Rg7 42. Kg2 Qb2 43. a5 Rxg3+ 44. Kxg3 Qe5+ 45. Kg2 Qg5+ 46. Kh3 Qf5+
47. Kg3 Qe5+ 48. Kg2 Qg7+ 49. Kh3 Qc3 50. Kg2 Qxa5 51. Rc1 Ke7 1/2-1/2

[Event "FIDE World Rapid 2013"]
[Site "Khanty-Mansiysk RUS"]
[Date "2013.06.07"]
[Round "7.13"]
[White "Lagno, Kateryna"]
[Black "Ponomariov, Ruslan"]
[Result "0-1"]
[WhiteTitle "GM"]
[BlackTitle "GM"]
[WhiteElo "2542"]
[BlackElo "2743"]
[WhiteFideId "14109336"]
[BlackFideId "14103320"]
[EventDate "2013.06.06"]

1. Nf3 d5 2. c4 d4 3. b4 f6 4. e3 e5 5. c5 a5 6. Bc4 axb4 7. exd4 e4 8. Qe2 Qe7
9. Nh4 g6 10. d3 f5 11. g3 Bg7 12. Bb2 Nc6 13. O-O Nxd4 14. Qd2 Qxc5 15. Rc1 Qe5
16. dxe4 fxe4 17. Re1 Ne7 18. Qxb4 Nf3+ 19. Nxf3 Qxb2 20. Bb3 Qxa1 21. Ng5 Qd4
22. Qb5+ c6 23. Qf1 Bf5 24. Rd1 Qc5 25. Nf7 Nd5 26. Nxh8 Bxh8 0-1

[Event "FIDE World Rapid 2013"]
[Site "Khanty-Mansiysk RUS"]
[Date "2013.06.07"]
[Round "7.14"]
[White "Mamedov, Rauf"]
[Black "Salem, A.R. Saleh"]
[Result "1/2-1/2"]
[WhiteTitle "GM"]
[BlackTitle "GM"]
[WhiteElo "2637"]
[BlackElo "2531"]
[WhiteFideId "13401653"]
[BlackFideId "9301348"]
[EventDate "2013.06.06"]

1. e4 c5 2. c3 d6 3. d4 Nf6 4. Bd3 g6 5. h3 Bg7 6. Nf3 O-O 7. O-O Nfd7 8. Be3
Nc6 9. Na3 a6 10. Nc2 b5 11. a4 Rb8 12. axb5 axb5 13. Be2 Qc7 14. Rc1 Na5 15.
Nd2 c4 16. Nb4 Bb7 17. f4 e6 18. Bf3 e5 19. fxe5 dxe5 20. d5 Nc5 21. Kh1 Nab3
22. Nxb3 Nxb3 23. Rc2 Ra8 24. Rcf2 Qd6 25. Bg4 Nc5 26. Bxc5 Qxc5 27. Rxf7 Rxf7
28. Be6 Rf8 29. d6 Bh6 30. d7 Bg5 31. Rxf7 Rxf7 32. d8=Q+ Bxd8 33. Qxd8+ Qf8 34.
Bxf7+ Kxf7 35. Qd7+ Kg8 36. Qe6+ Kg7 37. Qxe5+ Qf6 38. Qc7+ Qf7 39. Qd6 Qf6 40.
Qd7+ Qf7 41. Qd4+ Qf6 42. Nc2 Qxd4 43. Nxd4 Bxe4 44. Nxb5 Kf6 45. Kg1 Ke5 46.
Kf2 g5 47. g3 h5 48. Nd4 h4 49. Ne2 Bf5 50. Ng1 Be4 51. gxh4 gxh4 52. Ke3 Bg2
53. Kf2 Be4 54. Ke3 Bg2 55. Kf2 Be4 56. Nf3+ Bxf3 57. Kxf3 Kf5 58. Ke3 Ke5 1/2-1/2

[Event "FIDE World Rapid 2013"]
[Site "Khanty-Mansiysk RUS"]
[Date "2013.06.07"]
[Round "7.15"]
[White "Sargissian, Gabriel"]
[Black "Artemiev, Vladislav"]
[Result "1/2-1/2"]
[WhiteTitle "GM"]
[BlackTitle "IM"]
[WhiteElo "2671"]
[BlackElo "2524"]
[WhiteFideId "13300881"]
[BlackFideId "24101605"]
[EventDate "2013.06.06"]

1. d4 d5 2. c4 c6 3. cxd5 cxd5 4. Bf4 Nc6 5. Nc3 Nf6 6. e3 a6 7. Bd3 Bg4 8. Nge2
e6 9. O-O Be7 10. Rc1 O-O 11. Na4 Nd7 12. a3 Rc8 13. b4 e5 14. dxe5 Ndxe5 15. h3
Nxd3 16. Qxd3 Bxe2 17. Qxe2 d4 18. Rfd1 Re8 19. Qf3 Bf8 20. Nc5 Bxc5 21. Rxc5
Qf6 22. Qg3 h6 23. Kh2 Rcd8 24. b5 axb5 25. Rxb5 Rd7 26. Rd3 Re4 27. f3 Ree7 28.
e4 Qe6 29. Rc5 Kh7 30. Qf2 Qf6 31. Rf5 Qe6 32. Qc2 Re8 33. Bg3 Kh8 34. Rb5 Red8
35. Qc5 Qa2 36. Bf4 Qe2 37. Rd2 Qe1 38. Rbb2 Qh4 39. Bg3 Qf6 40. Rd3 Qg5 41. Rc2
Ra8 42. f4 Qg6 43. f5 Qg5 44. Rf2 Re8 45. e5 Qe7 46. Qxe7 Rexe7 47. f6 Re6 48.
fxg7+ Kxg7 49. Rfd2 Kh7 50. Bf4 Rd5 51. Rb3 Re7 52. Rbd3 Red7 53. Re2 Nd8 54.
Bd2 Ne6 55. Rf3 d3 56. Ref2 Ng5 57. Bxg5 hxg5 58. Rxf7+ Rxf7 59. Rxf7+ Kg6 60.
Rf6+ Kg7 61. Rf1 Rxe5 62. Rd1 Rd5 63. Kg3 d2 64. Kf2 Rd3 65. Ke2 Rxa3 66. Rxd2
Rb3 67. Rd6 b5 68. Rb6 b4 69. Kf2 Kf7 70. g3 Kg7 71. Kg2 Kf7 72. Kf2 1/2-1/2

[Event "FIDE World Rapid 2013"]
[Site "Khanty-Mansiysk RUS"]
[Date "2013.06.07"]
[Round "7.16"]
[White "Kobalia, Mikhail"]
[Black "Najer, Evgeniy"]
[Result "1/2-1/2"]
[WhiteTitle "GM"]
[BlackTitle "GM"]
[WhiteElo "2651"]
[BlackElo "2633"]
[WhiteFideId "4119150"]
[BlackFideId "4118987"]
[EventDate "2013.06.06"]

1. e4 c5 2. Nf3 d6 3. c3 Nf6 4. Bd3 Nc6 5. Bc2 Bg4 6. h3 Bh5 7. d3 e6 8. Nbd2
Be7 9. Nf1 d5 10. Qe2 Qc7 11. Ng3 Bg6 12. O-O dxe4 13. dxe4 O-O 14. Nh4 Nd7 15.
Nxg6 hxg6 16. f4 Rab8 17. e5 b5 18. Qg4 c4 19. h4 Bc5+ 20. Kh1 Ne7 21. h5 Nf5
22. hxg6 fxg6 23. Qxg6 Nxg3+ 24. Qxg3 Nxe5 25. Be3 Nd7 26. Qh3 Rf6 27. Qh7+ Kf7
28. Qh5+ Ke7 29. Bxc5+ Qxc5 30. Qxc5+ 1/2-1/2

[Event "FIDE World Rapid 2013"]
[Site "Khanty-Mansiysk RUS"]
[Date "2013.06.07"]
[Round "7.17"]
[White "Dubov, Daniil"]
[Black "Ponkratov, Pavel"]
[Result "1-0"]
[WhiteTitle "GM"]
[BlackTitle "GM"]
[WhiteElo "2638"]
[BlackElo "2605"]
[WhiteFideId "24126055"]
[BlackFideId "4157800"]
[EventDate "2013.06.06"]

1. d4 Nf6 2. c4 e6 3. Nc3 Bb4 4. e3 O-O 5. Ne2 d5 6. a3 Be7 7. cxd5 exd5 8. g3
c6 9. Bg2 Na6 10. O-O Nc7 11. Qc2 Ne6 12. h3 Ng5 13. Kh2 Re8 14. f3 Ne6 15. Rd1
Qa5 16. Bd2 Qb6 17. Be1 Bd7 18. e4 dxe4 19. fxe4 Rac8 20. b4 Red8 21. Rab1 Bf8
22. Bf2 Qa6 23. Qb3 Ng5 24. Nf4 Be6 25. Nxe6 Nxe6 26. Kg1 b6 27. e5 Ne8 28. b5
cxb5 29. Nxb5 N8c7 30. d5 Nc5 31. Nxc7 Rxc7 32. Qf3 Nd7 33. d6 Rcc8 34. Bd4 Qa5
35. Qf4 Nc5 36. Rf1 Rd7 37. Qg4 Re8 38. Bc6 Red8 39. Rb5 Qxa3 40. Bxc5 bxc5 41.
Bxd7 Rxd7 42. Rb8 Qe3+ 43. Rf2 h5 44. Qxd7 Qxg3+ 45. Kh1 Qxf2 46. Rxf8+ Kh7 47.
Qxf7 1-0